<?xml version="1.0" encoding="UTF-8"?>
<record
    xmlns:xsi="http://www.w3.org/2001/XMLSchema-instance"
    xsi:schemaLocation="http://www.loc.gov/MARC21/slim http://www.loc.gov/standards/marcxml/schema/MARC21slim.xsd"
    xmlns="http://www.loc.gov/MARC21/slim">

  <leader>00662nam a22001817a 4500</leader>
  <controlfield tag="003">UA-OsUOA</controlfield>
  <controlfield tag="001"> 16596 </controlfield>
  <controlfield tag="007">ta</controlfield>
  <controlfield tag="008">20040115b un ||||| |||| 00| 0 ukr d</controlfield>
  <datafield tag="100" ind1=" " ind2=" ">
    <subfield code="a">&#x41F;&#x430;&#x432;&#x43B;&#x44E;&#x43A; &#x41D;.</subfield>
  </datafield>
  <datafield tag="942" ind1=" " ind2=" ">
    <subfield code="c">SA</subfield>
  </datafield>
  <datafield tag="040" ind1=" " ind2=" ">
    <subfield code="a">UA-OsUOA</subfield>
    <subfield code="c">UA-OsUOA</subfield>
    <subfield code="d">UA-OsUOA</subfield>
  </datafield>
  <datafield tag="245" ind1=" " ind2=" ">
    <subfield code="a">&#x41F;&#x435;&#x440;&#x435;&#x43F;&#x438;&#x441;&#x430;&#x43D;&#x43E; &#x432; &#x422;&#x435;&#x441;&#x43B;&#x443;&#x433;&#x43E;&#x432;&#x456; . 410 &#x440;&#x43E;&#x43A;&#x456;&#x432; &#x442;&#x43E;&#x43C;&#x443; [&#x404;&#x440;&#x43C;&#x43E;&#x433;&#x435;&#x43D; &#x422;&#x435;&#x441;&#x43B;&#x443;&#x433;&#x456;&#x432;&#x441;&#x44C;&#x43A;&#x438;&#x439; &#x441;&#x442;&#x432;&#x43E;&#x440;&#x438;&#x432; &#x43A;&#x43E;&#x43F;&#x456;&#x44E; &#x43A;&#x43D;. "&#x410;&#x43F;&#x43E;&#x441;&#x442;&#x43E;&#x43B;" &#x424;.&#x421;&#x43A;&#x43E;&#x440;&#x438;&#x43D;&#x438; .(&#x420;&#x430;&#x434;&#x438;&#x432;&#x438;&#x43B;&#x456;&#x432;. &#x440;-&#x43D;)]</subfield>
  </datafield>
  <datafield tag="300" ind1=" " ind2=" ">
    <subfield code="a">&#x421;.3</subfield>
  </datafield>
  <datafield tag="955" ind1=" " ind2=" ">
    <subfield code="a">0</subfield>
  </datafield>
  <datafield tag="773" ind1="0" ind2=" ">
    <subfield code="w">0</subfield>
    <subfield code="t">&#x41F;&#x440;&#x430;&#x43F;&#x43E;&#x440; &#x43F;&#x435;&#x440;&#x435;&#x43C;&#x43E;&#x433;&#x438;</subfield>
    <subfield code="d">&#x420;&#x430;&#x434;&#x438;&#x432;&#x438;&#x43B;&#x456;&#x432;</subfield>
    <subfield code="d">2003</subfield>
    <subfield code="g">&#x2116;83/21 &#x436;&#x43E;&#x432;&#x442;./</subfield>
  </datafield>
  <datafield tag="650" ind1=" " ind2="7">
    <subfield code="a">&#x406;&#x441;&#x442;&#x43E;&#x440;&#x456;&#x44F;</subfield>
    <subfield code="2">UDC</subfield>
  </datafield>
  <datafield tag="999" ind1=" " ind2=" ">
    <subfield code="c">302761</subfield>
    <subfield code="d">302761</subfield>
  </datafield>
</record>
